Κοινωνιολογία των επαναστάσεων
Αποθηκεύτηκε σε:
| Κύριος συγγραφέας: | |
|---|---|
| Μορφή: | Βιβλίο |
| Γλώσσα: | Greek French |
| Δημοσίευση: |
Αθήνα :
Ζαχαρόπουλος,
|
| Σειρά: | Τί ξέρω; = Que sais-je? (Ι. Ζαχαρόπουλος)
|
| Θέματα: | |
| Ετικέτες: |
Προσθήκη ετικέτας
Δεν υπάρχουν, Καταχωρήστε ετικέτα πρώτοι!
|
MARC
| LEADER | 00000cam a2200000 i 4500 | ||
|---|---|---|---|
| 001 | 1/34359 | ||
| 008 | 960402s1979 gr | ||| |||| ||gre|| | ||
| 035 | |l 10024102 | ||
| 040 | |a GR-MY-UA |b gre |e aacr | ||
| 041 | 1 | |a gre |h fre | |
| 082 | 7 | |a 303.64 |2 (22) | |
| 100 | 1 | |a Decoufle, Andre-Clement. | |
| 245 | 1 | 0 | |a Κοινωνιολογία των επαναστάσεων / |c Andre Decoufle. |
| 260 | |a Αθήνα : |b Ζαχαρόπουλος, | ||
| 300 | |a 157 σ. ; |c 18 εκ. | ||
| 490 | 1 | |a (Τι ξέρω; = |a Que sais-je? ; |v vol.142) | |
| 500 | |a Μετάφραση του: Sociologie des revolutions. | ||
| 504 | |a Βιβλιογραφία : σ.151. | ||
| 650 | 0 | 0 | |a Revolutions. |
| 830 | 0 | |a Τί ξέρω; = Que sais-je? (Ι. Ζαχαρόπουλος) | |
| 852 | |a INST |b CHIOS |e 19960402 |h 303.64 DEC |p 005200006445 |q 005200006445 |t BK |y 0 | ||
| 909 | |a Χ |b 002005 | ||
| 970 | |z 1996/04 | ||